000 01191pam a2200301 a 4500
005 20260322212029.0
008 data
010 _a 97030725
020 _a0876288964
020 _a9780876288962
040 _aDLC
_cDLC
_dDLC
043 _an-us---
050 0 0 _aHV894
_b.M365 1998
082 0 0 _a362.1/968
_221
100 1 _aMannix, Darlene.
245 1 0 _aSocial skills activities for secondary students with special needs /
_cDarlene Mannix & Tim Mannix.
260 _aWest Nyack, N.Y. :
_bCenter for Applied Research in Education,
_cc1998.
300 _aix, 256 p. :
_bill. ;
_c28 cm.
650 0 _aDevelopmentally disabled children
_zUnited States
_xLife skills guides.
650 0 _aDevelopmentally disabled children
_xEducation (Secondary)
_zUnited States.
650 0 _aLife skills
_xStudy and teaching (Secondary)
_zUnited States.
650 0 _aSocial skills
_xStudy and teaching (Secondary)
_zUnited States.
700 1 _aMannix, Tim,
_eill.
906 _a7
_bcbc
_corignew
_d1
_eocip
_f19
_gy-gencatlg
991 _bc-GenColl
_hHV894
_i.M365 1998
_tCopy 1
_wBOOKS
001 data
999 _c656
_d656